[Event "aut_chT03"]
[Site "Jenbach"]
[Date "2004.03.18"]
[Round "8"]
[Board "3"]
[White "Balinov, Ilia"]
[Black "Loeffler, Stefan"]
[Result "1/2-1/2"]
[WhiteElo "2398"]
[BlackElo "2413"]
[PlyCount "99"]

1.c4 c5 2.Nf3 g6 3.d4 Bg7 4.e4 Qb6 5.Nc3 cxd4 6.Nd5 Qa5+ 7.b4 Qd8 8.Nxd4 e6
9.Nc3 Ne7 10.Bg5 Nbc6 11.Ndb5 O-O 12.Rc1 Nxb4 13.Be2 Nbc6 14.O-O f5 15.Qd2 Qa5
16.Bh6 Bxh6 17.Qxh6 f4 18.Rfd1 Ne5 19.Nd6 N7c6 20.c5 b6 21.Bb5 bxc5 22.Bxc6 dxc6
23.Qg5 c4 24.Nd5 exd5 25.Qxe5 Bg4 26.f3 Rad8 27.Nxc4 Qc5+ 28.Kh1 Bc8 29.Qg5 Rde8
30.Ne5 Qb5 31.Nxc6 Be6 32.exd5 Bd7 33.Nd4 Qb2 34.h4 Ba4 35.Rb1 Qf2 36.Rd3 Re3
37.Rxe3 fxe3 38.Qe7 Re8 39.Qf6 e2 40.Ne6 e1=Q+ 41.Rxe1 Qxe1+ 42.Kh2 Rxe6 43.dxe6
Be8 44.h5 gxh5 45.Qg5+ Bg6 46.Qd8+ Kg7 47.Qe7+ Kg8 48.Qd8+ Kg7 49.Qe7+ Kg8
50.Qd8+

[Event "aut_chT03"]
[Site "Jenbach"]
[Date "2004.03.18"]
[Round "8"]
[Board "4"]
[White "Neulinger, Manfred"]
[Black "Mahdy, Khaled"]
[Result "1/2-1/2"]
[WhiteElo "2323"]
[BlackElo "2418"]
[PlyCount "59"]

1.e4 e5 2.Nf3 Nc6 3.Bb5 a6 4.Bxc6 dxc6 5.d4 exd4 6.Qxd4 Qxd4 7.Nxd4 Bd7 8.Bf4
O-O-O 9.Nc3 Bb4 10.Nde2 Be6 11.a3 Bc5 12.Bg3 Ne7 13.Rd1 Bc4 14.f4 f6 15.Bf2 Bd6
16.O-O Ng6 17.g3 Rd7 18.Rfe1 Re8 19.Nd4 Bf8 20.Kg2 Bg8 21.Nf3 Rxd1 22.Rxd1 Nh8
23.g4 Nf7 24.h4 Nd6 25.Nd2 h5 26.g5 f5 27.e5 Nb5 28.Ndb1 a5 29.Kf3 Be6 30.Rd2

[Event "aut_chT03"]
[Site "Jenbach"]
[Date "2004.03.18"]
[Round "8"]
[Board "5"]
[White "Kilgus, Georg"]
[Black "Roth, Peter"]
[Result "1-0"]
[WhiteElo "2340"]
[BlackElo "2301"]
[PlyCount "69"]

1.Nf3 d6 2.d4 c6 3.c4 Nf6 4.Nc3 Bf5 5.Nh4 Bd7 6.e4 e5 7.Nf3 Qc7 8.g3 Be7 9.Bg2
O-O 10.O-O a6 11.h3 Re8 12.Be3 Bf8 13.Rc1 exd4 14.Nxd4 c5 15.Nf5 Bc6 16.Bf4 Re6
17.Qc2 Nbd7 18.g4 Ne5 19.b3 b5 20.Nd5 Bxd5 21.cxd5 Ree8 22.g5 Nfd7 23.Bh2 Qb6
24.f4 Ng6 25.Kh1 a5 26.h4 a4 27.h5 Ne7 28.e5 axb3 29.axb3 Nxf5 30.Qxf5 Qc7 31.g6
hxg6 32.hxg6 fxg6 33.Qxg6 dxe5 34.Bh3 Qd6 35.Qxd6

[Event "aut_chT03"]
[Site "Jenbach"]
[Date "2004.03.18"]
[Round "8"]
[Board "1"]
[White "Mueller, Karsten"]
[Black "Ftacnik, Lubomir"]
[Result "1/2-1/2"]
[WhiteElo "2517"]
[BlackElo "2582"]
[PlyCount "51"]

1.e4 d6 2.d4 Nf6 3.Nc3 g6 4.g3 Bg7 5.Bg2 O-O 6.Nge2 Nbd7 7.h3 c5 8.Be3 Qc7 9.O-O
a6 10.a4 Re8 11.a5 cxd4 12.Bxd4 e5 13.Be3 b5 14.axb6 Nxb6 15.Nb5 axb5 16.Bxb6
Qc6 17.Rxa8 Qxa8 18.Qxd6 Nxe4 19.Qc7 Bb7 20.Rd1 Rc8 21.Rd8+ Rxd8 22.Qxd8+ Qxd8
23.Bxd8 Nd6 24.Be7 Bxg2 25.Kxg2 Nc8 26.Bc5

[Event "aut_chT03"]
[Site "Jenbach"]
[Date "2004.03.18"]
[Round "8"]
[Board "3"]
[White "Schwarz, Michael"]
[Black "Stanec, Nikolaus"]
[Result "0-1"]
[WhiteElo "2411"]
[BlackElo "2539"]
[PlyCount "78"]

1.d4 Nf6 2.Nf3 c5 3.c3 b6 4.g3 Bb7 5.Bg2 e6 6.O-O Be7 7.Bf4 O-O 8.dxc5 bxc5
9.Bd6 Bxd6 10.Qxd6 Qb6 11.Qxb6 axb6 12.Ne5 Bxg2 13.Kxg2 d6 14.Nf3 Nc6 15.Nbd2 d5
16.a3 e5 17.Rfd1 Rfe8 18.e3 e4 19.Ne1 Ne5 20.Nb3 Red8 21.Rab1 h5 22.h3 Rd6
23.Nd2 Rad8 24.f4 exf3+ 25.Nexf3 Nc4 26.Nxc4 dxc4 27.Rxd6 Rxd6 28.a4 Ne4 29.g4
hxg4 30.hxg4 f6 31.Ra1 Rd3 32.Re1 Kf7 33.Kf1 Ke6 34.Ke2 g5 35.Rd1 Rxd1 36.Kxd1
Nf2+ 37.Ke2 Nxg4 38.Nd2 Ne5 39.Ne4 Nd3

[Event "aut_chT03"]
[Site "Jenbach"]
[Date "2004.03.18"]
[Round "8"]
[Board "5"]
[White "Perhinig, Robert"]
[Black "Weiss, Christian"]
[Result "0-1"]
[WhiteElo "2228"]
[BlackElo "2389"]
[PlyCount "92"]

1.e4 c6 2.d4 g6 3.c3 d5 4.exd5 cxd5 5.Nf3 Nf6 6.Be2 Bg7 7.O-O O-O 8.Bf4 Nh5
9.Bg5 h6 10.Bc1 Nc6 11.Ne5 Nf6 12.Nd2 e6 13.Ndf3 Nxe5 14.Nxe5 Bd7 15.Bd3 b5
16.Bf4 Be8 17.Ng4 Nxg4 18.Qxg4 b4 19.cxb4 Qb6 20.Qg3 Qxb4 21.Rab1 Rd8 22.Qh4 Rc8
23.Bxh6 Bxh6 24.Qxh6 Qxd4 25.Rfd1 Qf6 26.Bf1 d4 27.Rd3 e5 28.Rf3 Qg7 29.Qxg7+
Kxg7 30.Ra3 Rc7 31.Re1 f6 32.f4 Bf7 33.Ra5 exf4 34.Re4 Rd8 35.Bd3 g5 36.Re2 Bg6
37.Bxg6 Kxg6 38.Rd2 d3 39.Ra3 Rc2 40.Rdxd3 Re8 41.Kf1 Ree2 42.Rdc3 Rf2+ 43.Ke1
Rce2+ 44.Kd1 Rxb2 45.Kc1 Rxg2 46.h3 Rxa2

[Event "aut_chT03"]
[Site "Jenbach"]
[Date "2004.03.18"]
[Round "8"]
[Board "6"]
[White "Knoll, Hermann"]
[Black "Frosch, Ronald"]
[Result "1/2-1/2"]
[WhiteElo "2393"]
[BlackElo "2210"]
[PlyCount "85"]

1.d4 d6 2.e4 Nf6 3.Nc3 e6 4.f4 Be7 5.Nf3 O-O 6.Bd3 c5 7.e5 Nd5 8.Ne4 cxd4 9.exd6
Bf6 10.O-O Nc6 11.a3 g6 12.Nxf6+ Qxf6 13.Bb5 Rd8 14.f5 Ne3 15.Bxe3 dxe3 16.fxg6
hxg6 17.Qd3 Ne5 18.Qxe3 Nxf3+ 19.Qxf3 Qxf3 20.gxf3 a6 21.Ba4 b5 22.Bb3 Rxd6
23.Rad1 Rxd1 24.Rxd1 Bb7 25.Kf2 Bc6 26.Rd6 Be8 27.c4 Kf8 28.Ke3 Ke7 29.Rb6 Bd7
30.cxb5 axb5 31.Bd1 Kd8 32.Rd6 Kc7 33.Rd4 Bc6 34.Rb4 e5 35.Bb3 Rh8 36.Bxf7 Rf8
37.Bxg6 Rxf3+ 38.Kd2 Rh3 39.Bd3 Rxh2+ 40.Ke1 Kb6 41.Bxb5 Bxb5 42.a4 Ka5 43.Rxb5+

[Event "aut_chT03"]
[Site "Jenbach"]
[Date "2004.03.18"]
[Round "8"]
[Board "1"]
[White "Wells, Peter"]
[Black "Pinter, Jozsef"]
[Result "1/2-1/2"]
[WhiteElo "2493"]
[BlackElo "2501"]
[PlyCount "58"]

1.d4 Nf6 2.c4 e6 3.Nf3 d5 4.Nc3 c6 5.Bg5 Nbd7 6.cxd5 exd5 7.e3 Be7 8.Qc2 O-O
9.Bd3 Re8 10.O-O Nf8 11.h3 Be6 12.Rab1 a5 13.a3 N6d7 14.Bf4 Rc8 15.Rfc1 Ng6
16.Bg3 Ngf8 17.Ne2 Nf6 18.Nf4 Bd6 19.b4 axb4 20.axb4 Bd7 21.Ne2 Be6 22.Bxd6 Qxd6
23.b5 N6d7 24.bxc6 bxc6 25.Qa4 c5 26.dxc5 Nxc5 27.Qa3 Red8 28.Ned4 Nxd3 29.Qxd3
h6

[Event "aut_chT03"]
[Site "Jenbach"]
[Date "2004.03.18"]
[Round "8"]
[Board "2"]
[White "Schenk, Andreas"]
[Black "Rabiega, Robert"]
[Result "1-0"]
[WhiteElo "2499"]
[BlackElo "2527"]
[PlyCount "151"]

1.d4 d5 2.Nf3 Nf6 3.c4 e6 4.Nc3 Nbd7 5.Bf4 dxc4 6.e3 Nd5 7.Bxc4 Nxf4 8.exf4 Be7
9.Qe2 O-O 10.O-O Nb6 11.Bb3 c6 12.Rfe1 Nd5 13.g3 Bb4 14.Rac1 a5 15.Red1 Bxc3
16.bxc3 a4 17.Bc4 Qa5 18.Qb2 Rd8 19.Be2 Bd7 20.c4 Nf6 21.Ne5 Rab8 22.c5 Nd5
23.Nc4 Qc7 24.Qc2 Ra8 25.Rb1 Be8 26.Bd3 g6 27.Be4 h5 28.Bf3 Ne7 29.Nb6 Ra6
30.Be2 Ra7 31.a3 Nf5 32.Rb4 Qe7 33.Qe4 f6 34.Nc4 Bf7 35.Ne3 Qd7 36.Qb1 Qe7
37.Qc2 Kg7 38.Rxa4 Rda8 39.Rxa7 Rxa7 40.a4 Ra8 41.Bf3 Rd8 42.Nxf5+ exf5 43.h4
Bd5 44.Bxd5 Rxd5 45.Qd3 Rd7 46.a5 Qe6 47.Qe3 Qf7 48.Re1 Kf8 49.Rb1 Re7 50.Qb3
Qe8 51.Qc3 Kg7 52.Kf1 Qd7 53.Re1 Rf7 54.Qc4 Qd8 55.a6 bxa6 56.Qxa6 Qd5 57.Kg1
Rc7 58.Qa5 Rd7 59.Qa8 Qxd4 60.Qxc6 Qd2 61.Qe6 Rc7 62.c6 Qd8 63.Qc4 Qc8 64.Re6
Qd8 65.Qc5 Rf7 66.Rd6 Qa8 67.c7 Qc8 68.Rc6 Rf8 69.Kh2 Rf7 70.Qd6 Rf8 71.Rc4 Rf7
72.Qd8 Rf8 73.Rd4 Kh6 74.Rd7 Re8 75.Qxc8 Rxc8 76.Rf7

[Event "aut_chT03"]
[Site "Jenbach"]
[Date "2004.03.18"]
[Round "8"]
[Board "4"]
[White "Baumegger, Siegfried"]
[Black "Herndl, Harald"]
[Result "1-0"]
[WhiteElo "2374"]
[BlackElo "2313"]
[PlyCount "97"]

1.e4 e6 2.d4 d5 3.Nc3 dxe4 4.Nxe4 Bd7 5.Nf3 Bc6 6.Bd3 Bxe4 7.Bxe4 c6 8.O-O Nf6
9.Bd3 Be7 10.b3 O-O 11.Bb2 Nd5 12.c4 Nf4 13.Bc2 Bf6 14.Qd2 Qc7 15.Ne5 Ng6 16.Ng4
Nd7 17.f4 Be7 18.f5 exf5 19.Rxf5 Nf6 20.Qe2 Rfe8 21.Raf1 Ba3 22.Re5 Nxe5
23.Nxf6+ gxf6 24.Bxa3 Ng6 25.Qf2 Rad8 26.h4 Qd7 27.h5 Nf8 28.Qg3+ Kh8 29.Rf4 Ne6
30.Qd3 Ng5 31.d5 Re1+ 32.Kh2 cxd5 33.Bb2 d4 34.Bxd4 Kg8 35.Qg3 Rde8 36.Bxf6 h6
37.Bxg5 hxg5 38.Qxg5+ Kf8 39.Qh6+ Ke7 40.Qf6+ Kf8 41.Bg6 Qe6 42.Qxf7+ Qxf7
43.Rxf7+ Kg8 44.Rxb7 Rd8 45.Rxa7 Re2 46.Kh3 Rf8 47.g3 Re3 48.Kh4 Rff3 49.g4

[Event "aut_chT03"]
[Site "Jenbach"]
[Date "2004.03.18"]
[Round "8"]
[Board "5"]
[White "Fahrner, Kurt"]
[Black "Kuba, Guenter"]
[Result "0-1"]
[WhiteElo "2376"]
[BlackElo "2339"]
[PlyCount "56"]

1.c4 e5 2.Nc3 Nf6 3.g3 Bb4 4.Bg2 Bxc3 5.dxc3 d6 6.Nf3 Nc6 7.O-O O-O 8.Qc2 Be6
9.b3 Qd7 10.Ng5 Bf5 11.e4 Bg6 12.f4 exf4 13.gxf4 h6 14.f5 hxg5 15.fxg6 fxg6
16.e5 Nxe5 17.Bxg5 Rae8 18.Kh1 b6 19.Rf4 Nh5 20.Bd5+ Kh8 21.Rh4 Qf5 22.Qg2 Nf3
23.Rg4 Re2 24.Qxe2 Qxg4 25.Bxf3 Rxf3 26.Rg1 Qh3 27.Bh4 Nf4 28.Qe4 Qxh2+

[Event "aut_chT03"]
[Site "Jenbach"]
[Date "2004.03.18"]
[Round "8"]
[Board "6"]
[White "Wach, Markus"]
[Black "Ebner, Hubert"]
[Result "1/2-1/2"]
[WhiteElo "2359"]
[BlackElo "2251"]
[PlyCount "81"]

1.e4 c5 2.c3 d5 3.exd5 Qxd5 4.d4 Nf6 5.Nf3 Bg4 6.Be2 e6 7.O-O Nc6 8.h3 Bh5 9.Be3
cxd4 10.cxd4 Be7 11.Nc3 Qd6 12.a3 O-O 13.Qb3 Rac8 14.Rfd1 Nd5 15.Ne4 Qb8 16.Rac1
Nf4 17.Bxf4 Qxf4 18.Qe3 Qxe3 19.fxe3 Rfd8 20.Nc5 b6 21.Na6 Bd6 22.Kf2 f6 23.Rc3
Nb8 24.Rdc1 Rxc3 25.Rxc3 Nxa6 26.Bxa6 Bxf3 27.Kxf3 f5 28.g4 g6 29.Bc8 Kf7
30.gxf5 gxf5 31.d5 exd5 32.Bxf5 Kf6 33.Bb1 h6 34.Rc2 Rg8 35.Rc6 Ke5 36.Ba2 Rf8+
37.Ke2 Rg8 38.Kf3 Rf8+ 39.Ke2 Rg8 40.Kf3 Rf8+ 41.Ke2

[Event "aut_chT03"]
[Site "Jenbach"]
[Date "2004.03.18"]
[Round "8"]
[Board "1"]
[White "Bischoff, Klaus"]
[Black "Tischbierek, Raj"]
[Result "1/2-1/2"]
[WhiteElo "2561"]
[BlackElo "2507"]
[PlyCount "49"]

1.d4 Nf6 2.c4 e6 3.Nc3 Bb4 4.e3 O-O 5.Nge2 d5 6.a3 Be7 7.cxd5 Nxd5 8.Bd2 Nd7
9.g3 b6 10.Nxd5 exd5 11.Bg2 Nf6 12.O-O Bb7 13.Qc2 Bd6 14.Bb4 a5 15.Bxd6 Qxd6
16.Rac1 c6 17.Rfd1 Rac8 18.Nc3 g6 19.Bh3 Rb8 20.Rd2 Kg7 21.Qd1 h5 22.Qf3 Bc8
23.Bxc8 Rfxc8 24.Qf4 Qe6 25.h4

[Event "aut_chT03"]
[Site "Jenbach"]
[Date "2004.03.18"]
[Round "8"]
[Board "2"]
[White "Varga, Peter"]
[Black "Horvath, Jozsef"]
[Result "1/2-1/2"]
[WhiteElo "2468"]
[BlackElo "2532"]
[PlyCount "56"]

1.d4 Nf6 2.c4 e6 3.Nc3 d5 4.cxd5 Nxd5 5.e4 Nxc3 6.bxc3 c5 7.Nf3 cxd4 8.cxd4 Bb4+
9.Bd2 Bxd2+ 10.Qxd2 O-O 11.Bc4 Nc6 12.O-O b6 13.Rac1 Bb7 14.Rfd1 Rc8 15.Qe2 Qf6
16.h3 b5 17.Bxb5 Nxd4 18.Nxd4 Rxc1 19.Rxc1 Qxd4 20.Bd3 Rd8 21.Rb1 Bc6 22.Rc1 Be8
23.Ba6 g6 24.h4 Ba4 25.Qc4 Qb2 26.Qc7 Kg7 27.Qc3+ Qxc3 28.Rxc3 Rd1+

[Event "aut_chT03"]
[Site "Jenbach"]
[Date "2004.03.18"]
[Round "8"]
[Board "6"]
[White "Beck, Hartmuth"]
[Black "Pilaj, Herwig"]
[Result "0-1"]
[WhiteElo "2280"]
[BlackElo "2375"]
[PlyCount "132"]

1.d4 d5 2.c4 c6 3.Nf3 Nf6 4.Nc3 dxc4 5.a4 e6 6.e3 c5 7.Bxc4 Nc6 8.O-O Be7 9.dxc5
Qxd1 10.Rxd1 Bxc5 11.Nd2 Ke7 12.Nde4 Bb4 13.Nxf6 gxf6 14.Na2 Bd6 15.Bd2 Bd7
16.Bc3 Ne5 17.Bb5 Bxb5 18.axb5 Rhc8 19.Rd4 a6 20.Rad1 Bc5 21.bxa6 Rxa6 22.Nb4
Bxd4 23.exd4 Rd6 24.f4 Nc4 25.Rd3 Nb6 26.Rh3 Na4 27.Kf2 Rd7 28.Ke2 Nxc3+ 29.bxc3
Rdc7 30.Kd2 Rg8 31.g3 Rgc8 32.Na2 Ra8 33.Nc1 Rh8 34.g4 Rcc8 35.Rh5 Rhg8 36.h3
Rg7 37.Rb5 Rc7 38.Nd3 f5 39.Nf2 fxg4 40.hxg4 f6 41.Kd3 Rg8 42.Rh5 Kf8 43.Rb5 Kf7
44.Kd2 h6 45.Kd3 Rg6 46.f5 exf5 47.Rxf5 Rg5 48.Rf3 Kg6 49.c4 f5 50.gxf5+ Rxf5
51.Rg3+ Rg5 52.Re3 h5 53.d5 b5 54.Ne4 bxc4+ 55.Kd4 Rg4 56.d6 Rc8 57.Kd5 Rg1
58.d7 Rd1+ 59.Ke6 Rc6+ 60.Ke7 Kf5 61.Nc3 Rd2 62.d8=Q Rxd8 63.Kxd8 Rd6+ 64.Kc7
Rd3 65.Rxd3 cxd3 66.Kd6 h4

[Event "aut_chT03"]
[Site "Jenbach"]
[Date "2004.03.18"]
[Round "8"]
[Board "1"]
[White "Boensch, Uwe"]
[Black "Shchekachev, Andrei"]
[Result "1/2-1/2"]
[WhiteElo "2545"]
[BlackElo "2520"]
[PlyCount "85"]

1.d4 d6 2.e4 Nf6 3.Nc3 g6 4.Nf3 Bg7 5.Be2 O-O 6.O-O c6 7.Re1 Nbd7 8.Bf4 Qa5
9.Nd2 Qc7 10.Be3 b5 11.a4 b4 12.Na2 Rb8 13.c3 bxc3 14.bxc3 a5 15.Qc2 e5 16.h3 d5
17.dxe5 Qxe5 18.Bd4 Qc7 19.Bf3 Re8 20.exd5 Rxe1+ 21.Rxe1 cxd5 22.Nb3 Bb7 23.Nac1
Rc8 24.Qb2 Bc6 25.Qa1 Bf8 26.Nd2 Re8 27.Rxe8 Nxe8 28.Ncb3 Nd6 29.Nf1 Nc4 30.Ne3
Nxe3 31.Bxe3 Ne5 32.Be2 Nc4 33.Bd4 Bd7 34.Qa2 Qc6 35.Nd2 Be6 36.Nxc4 dxc4 37.Bf3
Qd6 38.Qb1 Bg7 39.Bxg7 Kxg7 40.Qb5 Qf4 41.Qxa5 Qc1+ 42.Kh2 Qf4+ 43.Kg1

[Event "aut_chT03"]
[Site "Jenbach"]
[Date "2004.03.18"]
[Round "8"]
[Board "3"]
[White "Stangl, Markus"]
[Black "Zelcic, Robert"]
[Result "0-1"]
[WhiteElo "2493"]
[BlackElo "2524"]
[PlyCount "134"]

1.Nf3 Nf6 2.g3 e6 3.Bg2 d5 4.O-O Be7 5.c4 O-O 6.d4 dxc4 7.Qc2 a6 8.a4 Bd7 9.Qxc4
Bc6 10.Bg5 Bd5 11.Qd3 c5 12.dxc5 Nbd7 13.Nc3 Nxc5 14.Qe3 Qa5 15.Qf4 Nb3 16.Rad1
Bc6 17.Qc4 Qb4 18.Ne5 Bxg2 19.Kxg2 Qxc4 20.Nxc4 Rac8 21.Nb6 Rc6 22.Nd7 Rfc8
23.Nxf6+ Bxf6 24.Bxf6 gxf6 25.Rd7 Nc5 26.Rd4 f5 27.Rfd1 Kg7 28.g4 e5 29.Rd5 Rg6
30.Rxe5 Rxg4+ 31.Kf3 Rb4 32.Nd5 Rb3+ 33.e3 Ne6 34.Rxf5 Rc2 35.Nc3 Kg6 36.Rfd5
Ng5+ 37.Rxg5+ Kxg5 38.Ne4+ Kh6 39.Rd7 Kg6 40.Rd8 Rbxb2 41.Rg8+ Kh6 42.Rg2 Rb6
43.Rg8 Rbb2 44.Rg2 Rc6 45.Rg8 Ra2 46.Rd8 b6 47.Rd4 Kg6 48.h4 Kg7 49.Kg3 Rb2
50.Rd7 Rg6+ 51.Kh3 h6 52.h5 Re6 53.f3 Kf8 54.Rd8+ Ke7 55.Ra8 a5 56.Ng3 Rf6
57.Ra7+ Kd8 58.f4 Rb3 59.Ra8+ Kc7 60.Re8 Re6 61.Rf8 Rexe3 62.Rxf7+ Kd6 63.Rg7 b5
64.axb5 a4 65.b6 Rxg3+ 66.Rxg3 Rxg3+ 67.Kxg3 a3

[Event "aut_chT03"]
[Site "Jenbach"]
[Date "2004.03.18"]
[Round "8"]
[Board "4"]
[White "Danner, Georg"]
[Black "Weinzettl, Ernst"]
[Result "1/2-1/2"]
[WhiteElo "2393"]
[BlackElo "2343"]
[PlyCount "78"]

1.d4 Nf6 2.Nf3 c5 3.d5 e6 4.c4 b5 5.dxe6 fxe6 6.cxb5 Bb7 7.Nc3 Be7 8.Bg5 O-O
9.e3 d5 10.Be2 Nbd7 11.O-O Nh5 12.Bxe7 Qxe7 13.Rc1 Rad8 14.Qc2 e5 15.Nd2 Qg5
16.Bxh5 Qxh5 17.e4 Nf6 18.Nxd5 Nxd5 19.exd5 Bxd5 20.Ne4 Qh4 21.f3 c4 22.Rfd1 Kh8
23.Qf2 Qh6 24.Qxa7 Bxe4 25.fxe4 Rd2 26.Rxd2 Qxd2 27.Rf1 Rxf1+ 28.Kxf1 Qc1+
29.Ke2 Qxb2+ 30.Kf3 h5 31.Qd7 Qa3+ 32.Kf2 Qxa2+ 33.Kg3 Qe2 34.b6 Qe3+ 35.Kh4
Qxe4+ 36.Kxh5 Qh7+ 37.Kg5 Qh6+ 38.Kf5 Qf6+ 39.Ke4 Qxb6

[Event "aut_chT03"]
[Site "Jenbach"]
[Date "2004.03.18"]
[Round "8"]
[Board "6"]
[White "Huber, David"]
[Black "Blaas, Hansjoerg"]
[Result "0-1"]
[WhiteElo "2126"]
[BlackElo "2267"]
[PlyCount "114"]

1.d4 d5 2.Nf3 f5 3.e3 e6 4.c4 c6 5.Bd3 Nf6 6.O-O Bd6 7.b3 O-O 8.Ba3 Bxa3 9.Nxa3
Bd7 10.Qc2 Qe7 11.Nb1 Be8 12.Nc3 Nbd7 13.cxd5 cxd5 14.Qb2 Bh5 15.Nd2 g5 16.f3
Bg6 17.Rfe1 e5 18.e4 dxe4 19.fxe4 exd4 20.Nd5 Nxd5 21.exd5 Qb4 22.Nf3 Nc5 23.Bc4
Qc3 24.Qa3 Nd3 25.Bxd3 Qxd3 26.Rad1 Qa6 27.Qxa6 bxa6 28.Nxg5 Rfe8 29.Ne6 Bf7
30.Rxd4 Rac8 31.Ra4 Rc5 32.Nxc5 Rxe1+ 33.Kf2 Rc1 34.Nd7 Rc7 35.Nf6+ Kg7 36.Rxa6
Rc2+ 37.Kf3 Rd2 38.h3 h5 39.g4 fxg4+ 40.hxg4 h4 41.Nh5+ Bxh5 42.gxh5 h3 43.h6+
Kh7 44.Rxa7+ Kxh6 45.Ra8 Kg7 46.Ra4 h2 47.Rh4 Rxa2 48.Ke4 Rb2 49.Ke5 Rf2 50.Kd6
Rf6+ 51.Kc5 Rh6 52.Rxh2 Rxh2 53.b4 Kf7 54.b5 Ke7 55.Kc6 Rc2+ 56.Kb7 Kd6 57.b6
Kxd5

[Event "aut_chT03"]
[Site "Jenbach"]
[Date "2004.03.19"]
[Round "9"]
[Board "1"]
[White "Tischbierek, Raj"]
[Black "Kindermann, Stefan"]
[Result "1-0"]
[WhiteElo "2507"]
[BlackElo "2542"]
[PlyCount "61"]

1.e4 e6 2.d4 d5 3.e5 c5 4.c3 Nc6 5.Nf3 Bd7 6.Be2 Nge7 7.O-O Ng6 8.Be3 cxd4
9.cxd4 Be7 10.Nc3 O-O 11.Bd3 Be8 12.a3 f6 13.exf6 Bxf6 14.Qc2 Be7 15.Qe2 h6
16.Nd2 Nf4 17.Bxf4 Rxf4 18.Qxe6+ Bf7 19.Qe3 Bg5 20.Rad1 Qb6 21.Ne2 Re8 22.Qg3
Rxe2 23.Bxe2 Nxd4 24.Bd3 Qf6 25.Nb1 h5 26.Nc3 h4 27.Qe3 Rg4 28.Qh3 Be6 29.Kh1
Re4 30.Nxe4 dxe4 31.Bc4

[Event "aut_chT03"]
[Site "Jenbach"]
[Date "2004.03.19"]
[Round "9"]
[Board "6"]
[White "Wegerer, Fred"]
[Black "Beck, Hartmuth"]
[Result "1/2-1/2"]
[WhiteElo "2203"]
[BlackElo "2280"]
[PlyCount "68"]

1.d4 f5 2.h4 Nf6 3.Bg5 e6 4.Nd2 d5 5.e3 Be7 6.Bd3 Nbd7 7.Nh3 c5 8.c3 O-O 9.Nf4
Qb6 10.Nf3 Re8 11.Qb1 Bf8 12.Bxf6 Nxf6 13.Ne5 Bd6 14.Nf3 cxd4 15.cxd4 Bd7 16.O-O
Rac8 17.Rd1 Qc7 18.g3 Ne4 19.Kg2 Ba4 20.Rc1 Qxc1 21.Qxc1 Rxc1 22.Rxc1 Nf6 23.a3
Bd7 24.Bb1 Kf8 25.Nd3 Rc8 26.Rxc8+ Bxc8 27.Nfe5 Ke7 28.f3 Nd7 29.g4 g6 30.Kh3
Kf6 31.f4 Ke7 32.g5 Bc7 33.h5 Nxe5 34.Nxe5 Bxe5

[Event "aut_chT03"]
[Site "Jenbach"]
[Date "2004.03.19"]
[Round "9"]
[Board "1"]
[White "Gustafsson, Jan"]
[Black "Rotstein, Arkadij"]
[Result "1-0"]
[WhiteElo "2572"]
[BlackElo "2519"]
[PlyCount "61"]

1.Nf3 c5 2.c4 g6 3.d4 Bg7 4.e4 d6 5.Nc3 Nc6 6.d5 Nd4 7.Nxd4 cxd4 8.Nb5 Qb6 9.c5
dxc5 10.Bf4 Kf8 11.Rc1 Bd7 12.Bc7 Qa6 13.Na3 Qf6 14.Rxc5 Rc8 15.Bd3 Qg5 16.O-O
Nf6 17.Qc1 Qxc1 18.Rfxc1 Bh6 19.R1c2 Ne8 20.Be5 Rxc5 21.Rxc5 Bg7 22.Bxg7+ Kxg7
23.e5 h5 24.h4 Bf5 25.Bxf5 gxf5 26.Kf1 Kg6 27.Rc8 Kg7 28.Ke2 f4 29.Nb5 f6 30.d6
exd6 31.exd6

[Event "aut_chT03"]
[Site "Jenbach"]
[Date "2004.03.19"]
[Round "9"]
[Board "2"]
[White "Beim, Valeri"]
[Black "Atlas, Valery"]
[Result "1-0"]
[WhiteElo "2518"]
[BlackElo "2471"]
[PlyCount "121"]

1.c4 c5 2.Nf3 Nf6 3.Nc3 Nc6 4.e3 e6 5.d4 cxd4 6.exd4 d5 7.cxd5 Nxd5 8.Bd3 Bd6
9.O-O O-O 10.Re1 h6 11.Bc2 Nf6 12.a3 Ne7 13.Ne5 Bd7 14.Qd3 Bc6 15.Nxc6 bxc6
16.Qf3 Ned5 17.Na4 Qe7 18.Bd2 Rab8 19.Rac1 Rfc8 20.Bd3 Nb6 21.Nc3 Nbd5 22.Na4
Nb6 23.Nc3 Nbd5 24.b4 Nxc3 25.Rxc3 Nd5 26.Rc4 Kf8 27.g3 Qd7 28.Rc2 Be7 29.Rec1
Rb6 30.Be4 Rd8 31.Bxd5 Qxd5 32.Qxd5 cxd5 33.Rc7 Ra6 34.Rb7 Bf6 35.Rcc7 Bxd4
36.Be3 Bb2 37.b5 Ra5 38.Bd2 Ra4 39.Rxf7+ Kg8 40.Rxa7 Rxa3 41.Rxg7+ Bxg7 42.Rxa3
Rb8 43.Rb3 Kf7 44.Kg2 Rb7 45.f4 h5 46.Kf3 e5 47.fxe5 Bxe5 48.Bf4 Bf6 49.b6 Bd8
50.Be3 Ke6 51.h4 Kd6 52.g4 hxg4+ 53.Kxg4 Ke5 54.Rb4 Rg7+ 55.Bg5 Bxg5 56.hxg5 Rb7
57.g6 d4 58.Kf3 Kf6 59.Ke4 Kxg6 60.Kxd4 Kf6 61.Kd5

[Event "aut_chT03"]
[Site "Jenbach"]
[Date "2004.03.19"]
[Round "9"]
[Board "4"]
[White "Mahdy, Khaled"]
[Black "Novkovic, Milan"]
[Result "1/2-1/2"]
[WhiteElo "2418"]
[BlackElo "2371"]
[PlyCount "34"]

1.e4 c5 2.Nf3 e6 3.d4 cxd4 4.Nxd4 Nf6 5.Bd3 Nc6 6.Nxc6 dxc6 7.O-O e5 8.Nd2 Bc5
9.Nc4 Qe7 10.Qf3 Nd7 11.Kh1 Nf8 12.Qh5 Ng6 13.g3 O-O 14.Ne3 Bxe3 15.Bxe3 b6
16.Rae1 c5 17.Kg1 Bb7

[Event "aut_chT03"]
[Site "Jenbach"]
[Date "2004.03.19"]
[Round "9"]
[Board "5"]
[White "Gaertner, Guntram"]
[Black "Kilgus, Georg"]
[Result "1/2-1/2"]
[WhiteElo "2340"]
[BlackElo "2340"]
[PlyCount "34"]

1.d4 Nf6 2.Nf3 e6 3.Bg5 c5 4.c3 cxd4 5.cxd4 Qb6 6.Qc1 Nc6 7.Bxf6 gxf6 8.e3 d5
9.Nc3 Bd7 10.Be2 Rc8 11.O-O Na5 12.Nd2 f5 13.Qc2 a6 14.Rac1 Bd6 15.f4 f6 16.Kh1
Ke7 17.g4 Bb5

[Event "aut_chT03"]
[Site "Jenbach"]
[Date "2004.03.19"]
[Round "9"]
[Board "6"]
[White "Wukits, Rene"]
[Black "Grabher, Heinz"]
[Result "0-1"]
[WhiteElo "2301"]
[BlackElo "2234"]
[PlyCount "114"]

1.d4 Nf6 2.c4 e6 3.Nc3 Bb4 4.e3 c5 5.Bd3 d5 6.Nf3 Nc6 7.O-O O-O 8.a3 Bxc3 9.bxc3
dxc4 10.Bxc4 Qc7 11.Bd3 e5 12.Qc2 Re8 13.Nxe5 Nxe5 14.dxe5 Qxe5 15.f3 Bd7 16.a4
Bc6 17.Re1 Rad8 18.Bf1 Nd5 19.Bd2 Re6 20.e4 Nf4 21.Red1 Rde8 22.Be1 g5 23.Rd2 h5
24.Rad1 g4 25.Rd8 gxf3 26.Rxe8+ Rxe8 27.gxf3 Qg5+ 28.Kh1 f5 29.h4 Qf6 30.Bc4+
Kh8 31.Qf2 fxe4 32.Qxc5 Qg6 33.Qg5 Qxg5 34.hxg5 e3 35.Rd6 Bxf3+ 36.Kg1 Nh3+
37.Kh2 Nxg5 38.Bh4 e2 39.Be1 Bc6 40.Kg1 Kg7 41.a5 Re4 42.Bd3 Nf3+ 43.Kf2 Rf4
44.a6 Ng1+ 45.Ke3 Rf1 46.axb7 Bxb7 47.Rd7+ Kh6 48.Rxb7 Rxe1 49.Rxa7 Rc1 50.Bxe2
Rxc3+ 51.Kf2 Nh3+ 52.Ke1 Nf4 53.Bf1 Rc2 54.Ra5 Kg6 55.Bb5 h4 56.Be8+ Kh6 57.Rf5
Ng2+

[Event "aut_chT03"]
[Site "Jenbach"]
[Date "2004.03.19"]
[Round "9"]
[Board "2"]
[White "Polzin, Rainer"]
[Black "Schroll, Gerhard"]
[Result "1-0"]
[WhiteElo "2497"]
[BlackElo "2404"]
[PlyCount "67"]

1.e4 e5 2.Nf3 Nf6 3.d4 Nxe4 4.Bd3 Nc6 5.dxe5 Nc5 6.Bc4 d6 7.O-O dxe5 8.Qxd8+
Nxd8 9.Nxe5 f6 10.Nf3 Be6 11.Re1 Kf7 12.Bf1 Nc6 13.Nc3 a6 14.Bf4 Bd6 15.Bxd6
cxd6 16.Rad1 Rad8 17.Nd4 Nxd4 18.Rxd4 b5 19.b4 Nb7 20.a4 Rc8 21.Re3 d5 22.axb5
Nd6 23.bxa6 Nf5 24.Nb5 Rxc2 25.Ra3 Rc1 26.Rf4 Bd7 27.Ra5 Re8 28.Rxf5 Ree1 29.g4
Rxf1+ 30.Kg2 Rg1+ 31.Kf3 h5 32.h3 hxg4+ 33.hxg4 Bxf5 34.gxf5

[Event "aut_chT03"]
[Site "Jenbach"]
[Date "2004.03.19"]
[Round "9"]
[Board "3"]
[White "Loeffler, Stefan"]
[Black "Schwarz, Michael"]
[Result "1/2-1/2"]
[WhiteElo "2413"]
[BlackElo "2411"]
[PlyCount "29"]

1.d4 Nf6 2.c4 g6 3.Nc3 d5 4.Nf3 Bg7 5.Bg5 Ne4 6.cxd5 Nxg5 7.Nxg5 e6 8.Nf3 exd5
9.e3 O-O 10.b4 c6 11.Rc1 Re8 12.Bd3 b5 13.a4 a5 14.axb5 axb4 15.Nb1

[Event "aut_chT03"]
[Site "Jenbach"]
[Date "2004.03.19"]
[Round "9"]
[Board "4"]
[White "Kotz, Heinz Peter"]
[Black "Neulinger, Manfred"]
[Result "1/2-1/2"]
[WhiteElo "2350"]
[BlackElo "2323"]
[PlyCount "62"]

1.e4 c6 2.d4 d5 3.e5 Bf5 4.Nf3 e6 5.a3 Nd7 6.Be2 h6 7.O-O g5 8.Be3 Bg7 9.Nbd2
Ne7 10.Ne1 Bg6 11.Nd3 Nf5 12.Bh5 Bxh5 13.Qxh5 O-O 14.g4 Nxe3 15.fxe3 f6 16.exf6
Rxf6 17.e4 Qb6 18.Nb3 dxe4 19.Ndc5 Nxc5 20.dxc5 Qd8 21.Rxf6 Qxf6 22.Rf1 Qxb2
23.Qf7+ Kh8 24.Qxb7 Rg8 25.Qxc6 Qxc2 26.Qxe6 Rb8 27.c6 e3 28.Nd4 Qc5 29.Ne2 Qc2
30.Nd4 Qc5 31.Ne2 Qc2

[Event "aut_chT03"]
[Site "Jenbach"]
[Date "2004.03.19"]
[Round "9"]
[Board "5"]
[White "Roth, Peter"]
[Black "Perhinig, Robert"]
[Result "1/2-1/2"]
[WhiteElo "2301"]
[BlackElo "2228"]
[PlyCount "26"]

1.e4 e6 2.Qe2 b6 3.Nf3 Bb7 4.d3 d5 5.e5 c5 6.g3 b5 7.Bg2 Ne7 8.O-O Nec6 9.c3 Nd7
10.Na3 a6 11.h4 Be7 12.Nc2 h6 13.h5 Qc7

[Event "aut_chT03"]
[Site "Jenbach"]
[Date "2004.03.19"]
[Round "9"]
[Board "4"]
[White "Fahrner, Kurt"]
[Black "Farago, Ivan"]
[Result "0-1"]
[WhiteElo "2376"]
[BlackElo "2506"]
[PlyCount "66"]

1.d4 Nf6 2.c4 e6 3.Nc3 Bb4 4.Qc2 d5 5.cxd5 exd5 6.Bg5 h6 7.Bxf6 Qxf6 8.a3 Bxc3+
9.Qxc3 c6 10.e3 O-O 11.Ne2 Re8 12.Ng3 Nd7 13.Be2 Nf8 14.O-O g6 15.b4 h5 16.Rfc1
Bd7 17.Ra2 Ne6 18.Nf1 Kg7 19.Qe1 Re7 20.Nd2 Ng5 21.Nf3 Nxf3+ 22.Bxf3 Bg4 23.Qd1
Qg5 24.Kh1 f5 25.h3 Rf8 26.Rc3 Bxf3 27.Qxf3 f4 28.exf4 Re1+ 29.Kh2 Rxf4 30.Qd3
Qf6 31.b5 Rxf2 32.Rxf2 Qxf2 33.bxc6 h4